The Outsiders with Letter S - Statistics

General Stats
  • This quiz has been taken 110 times
  • The average score is 15 of 20
Answer Stats
Hint Answer % Correct
Known for his good looks Sodapop
96%
Johnny tells Ponyboy to _____. stay gold
96%
Sodapop's best friend Steve
96%
Sodapop's girlfriend Sandy
93%
Who do the greasers get into fights with? socs
91%
Darry could have gone to college on a football _____. scholarship
89%
It wasn't _____ for greasers to walk alone. safe
88%
Johnny and Ponyboy _____ the kids from the fire. saved
88%
Two-Bit is proud of his black-handled _____. switchblade
86%
What night was the rumble? Saturday
82%
Darry did this to Ponyboy causing him to run away. slap
79%
Soda and Steve work at the _____. (gas) station
72%
Cherry was a _____ for the greasers. spy
68%
Johnny _____ up for the girls at the movie. stands
65%
Johnny and Ponyboy watched the _____ from the back steps of the church. sunrise
65%
Darry's tight shirt shows he is _____. strong
63%
What did Ponyboy do to calm down? smoke
56%
Johnny was _____ the soc was going to kill Ponyboy. scared
51%
Ponyboy was only allowed in the rumble because it was a _____ fight. skin
35%
Socs are more _____ than greasers. sophisticated
4%
No matching quizzes found
Score Distribution
Percent of People with Each Score
Percentile by Number Answered
Your Score History
You have not taken this quiz